| 000 | 01574nam a2200265 4500 | ||
|---|---|---|---|
| 008 | s2004 fr fre u | ||
| 020 | _a227801594X | ||
| 020 | _a9782278015948 | ||
| 040 | _aLB-BrCRDP | ||
| 082 | 1 |
_a373 GRA _bBER |
|
| 100 | 1 | _aBérard, Evelyne | |
| 245 | 1 | 0 |
_aModes d'emploi. Grammaire, utile du français _cEvelyne Bérard , Christian Lavenne |
| 260 |
_aParis _bDidier _c2004 |
||
| 300 |
_a319 p. _bcouv. couleur, ill. noir et blanc. _c23 cm |
||
| 500 | _aSommaire. | ||
| 520 | _aModes d'emploi est une grammaire de référence.Vous y trouverez donc la description des structures et des formes de la langue française, présentées d'une façon claire et complète (règles, constructions, conjugaisons, etc.). Modes d'emploi est aussi une grammaire pour communiquer à l'oral ou à l'écrit. Les outils linguistiques sont présentés autour des actes de langage qu'ils servent à réaliser. Modes d'emploi propose en outre beaucoup de choses que l'on ne trouve pas dans les autres grammaires : des listes exhaustives répondant aux problèmes de morphologie des adjectifs, des noms, des verbes ; une présentation claire et synthétique de la totalité des verbes français ; des informations sur le sens des mots, les expressions familières ou imagées... | ||
| 650 | 4 | _aGrammaire | |
| 650 | 4 | _aExpression écrite | |
| 650 | 4 | _aExpression orale | |
| 650 | 4 | _aApprentissage de la langue | |
| 650 | 4 | _aFrançais - langue étrangère | |
| 700 | 1 | _aLavenne, Christian | |
| 942 | _cBK | ||
| 999 |
_c887 _d887 |
||